000 00466nam a2200229Ia 4500
003 IT-RoPAU
008 120407s9999 xx 000 0 und d
040 _aIT-RoPAU
040 _cIT-RoPAU
041 _aita
100 _aMichel Neyraut
245 _aIl transfert.
250 _aRoma
260 _aAstrolabio
260 _c1975
300 _a235 p.
300 _c21 cm
490 _aPsiche e coscienza
490 _v1
942 _cBK
999 _c29778
_d29778